Roorkee treatise of civil engineering section 1 building materials (Record no. 548981)

000 -LEADER
fixed length control field 00395nam a22001337a 4500
082 ## - DEWEY DECIMAL CLASSIFICATION NUMBER
Classification number 691
Author Mark ROO
100 ## - MAIN ENTRY--PERSONAL NAME
Personal name Govt. printing press india
9 (RLIN) 45461
245 ## - TITLE STATEMENT
Title Roorkee treatise of civil engineering section 1 building materials
250 ## - EDITION STATEMENT
Edition statement 7th ed.
260 ## - PUBLICATION, DISTRIBUTION, ETC.
Place of publication, distribution, etc. India.:
Name of publisher, distributor, etc. Govt. printing press india
Date of publication, distribution, etc. 1905
300 ## - PHYSICAL DESCRIPTION
Extent 143 p.
526 ## - STUDY PROGRAM INFORMATION NOTE
Program name 0
Interest level 0
Reading level 0
Title point value 691_000000000000000_ROO
942 ## - ADDED ENTRY ELEMENTS (KOHA)
Source of classification or shelving scheme
Koha item type Book
Holdings
Withdrawn status Lost status Source of classification or shelving scheme Damaged status Not for loan Permanent Location Current Location Date acquired Total Checkouts Full call number Barcode Date last seen Price effective from Koha item type
          Military College of Engineering (MCE) Military College of Engineering (MCE) 09/12/2014   691 ROO MCE-40536 09/12/2014 09/12/2014 Book
© 2023 Central Library, National University of Sciences and Technology. All Rights Reserved.